Estudio de dinámica de población en la depresión tectónica central. el caso de Alajuela, 1790-1900

Gespeichert in:
Bibliographische Detailangaben
1. Verfasser: Tjarks, Germán
Format: Text
Veröffentlicht: Heredia: UNA
Tags: Tag hinzufügen
Keine Tags, Fügen Sie den ersten Tag hinzu!

MARC

LEADER 00000 a a2200000 04500
001 16816
003
040
090 |a 004600  
100 |a Tjarks, Germán  
245 |a Estudio de dinámica de población en la depresión tectónica central. el caso de Alajuela, 1790-1900  
260 |a Heredia:   |b UNA  
300 |a 47 p.  
999 |c 15943  |d 15943